Η θάλασσα της γονιμότητας
Αποθηκεύτηκε σε:
| Κύριος συγγραφέας: | |
|---|---|
| Άλλοι συγγραφείς: | , , |
| Μορφή: | Βιβλίο |
| Γλώσσα: | Greek Japanese |
| Δημοσίευση: |
Αθήνα :
Καστανιώτη,
1992-1996.
|
| Θέματα: | |
| Ετικέτες: |
Προσθήκη ετικέτας
Δεν υπάρχουν, Καταχωρήστε ετικέτα πρώτοι!
|
MARC
| LEADER | 00000cam a2200000 i 4500 | ||
|---|---|---|---|
| 001 | 1/56468 | ||
| 008 | 960202m19921996gr | ||| |||| ||gre|| | ||
| 020 | |a 9600308535 | ||
| 020 | |a 9600308527 | ||
| 020 | |a 9600313210 | ||
| 020 | |a 9600313229 | ||
| 020 | |a 9600313237 | ||
| 035 | |a 1994 |c ΒΙΒΛΙΟΘΗΚΗ |l 10045569 | ||
| 035 | |1 ΕΛΗ |a 1995 |b 2209 |c ΒΙΒΛΙΟΘΗΚΗ |l 10044260 | ||
| 035 | |1 ΕΛΗ |a 1997 |b 2803 |c ΒΙΒΛΙΟΘΗΚΗ |l 10044262 | ||
| 035 | |1 ΕΛΗ |a 1997 |b 2803 |c ΒΙΒΛΙΟΘΗΚΗ |l 10044268 | ||
| 040 | |a GR-MyUA |b gre |e AACR2 | ||
| 041 | 1 | |a gre |h jpn | |
| 082 | 0 | |a 895.635 | |
| 100 | 1 | |a Mishima, Yukio, |d 1925-1970. | |
| 245 | 1 | 0 | |a Η θάλασσα της γονιμότητας / |c Yukio Mishima ; μετάφραση Αλέκος Μανωλίδης, Γιούρι Κοβαλένκο, Σταύρος Παπασταύρου. |
| 260 | |a Αθήνα : |b Καστανιώτη, |c 1992-1996. | ||
| 300 | |a 4 τ. ; |c 21 εκ. | ||
| 500 | |a Τίτλος πρωτοτύπου: Honba | ||
| 500 | |a Τίτλος πρωτοτύπου: Haru no yuki | ||
| 500 | |a Τίτλος πρωτοτύπου: Akatsuki no tera | ||
| 500 | |a Τίτλος πρωτοτύπου: Tennin Gosui | ||
| 505 | 8 | |a Τ. 1. Ανοιξιάτικο χιόνι -- τ. 2. Αφηνιασμένα άλογα -- τ. 3. Ο ναός της αυγής -- τ. 4. Ο εκπεσών άγγελος. | |
| 650 | 0 | 0 | |a Japanese fiction. |
| 700 | 1 | |a Μανωλίδης, Αλέκος, |e trl | |
| 700 | 1 | |a Παπασταύρου, Σταύρος, |e trl | |
| 700 | 1 | |a Κοβαλένκο, Γιούρι Λ., |d 1939-1996, |e trl | |
| 740 | 0 | |a Ανοιξιάτικο χιόνι | |
| 740 | 0 | |a Αφηνιασμένα άλογα | |
| 740 | 0 | |a Ο ναός της αυγής | |
| 740 | 0 | |a Ο εκπεσών άγγελος | |
| 852 | |a INST |b SAMOS |e 19941103 |h 895.635 MIS |p 005300006773 |q 005300006773 |t BK |y 0 |z τ.1 | ||
| 852 | |a INST |b SAMOS |e 19950927 |h 895.635 MIS |p 005300008813 |q 005300008813 |t BK |y 0 |z τ.3 | ||
| 852 | |a INST |b SAMOS |e 19950927 |h 895.635 MIS |p 005300008815 |q 005300008815 |t BK |y 0 |z τ.4 | ||
| 852 | |a INST |b SAMOS |e 19960202 |h 895.635 MIS |p 005300010297 |q 005300010297 |t BK |y 0 |z τ.1 | ||
| 852 | |a INST |b SAMOS |e 19960202 |h 895.635 MIS |p 005300010299 |q 005300010299 |t BK |y 0 |z τ.2 | ||
| 852 | |a INST |b SAMOS |e 19941103 |h 895.635 MIS |p 005300006773 |q 005300006773 |t BK |v τ.1: |y 0 |z τ.1 | ||
| 852 | |a INST |b SAMOS |e 19950927 |h 895.635 MIS |p 005300008813 |q 005300008813 |t BK |v τ.3: |y 0 |z τ.3 | ||
| 852 | |a INST |b SAMOS |e 19950927 |h 895.635 MIS |p 005300008815 |q 005300008815 |t BK |v τ.4: |y 0 |z τ.4 | ||
| 852 | |a INST |b SAMOS |e 19960202 |h 895.635 MIS |p 005300010297 |q 005300010297 |t BK |v τ.1: |y 0 |z τ.1 | ||
| 852 | |a INST |b SAMOS |e 19960202 |h 895.635 MIS |p 005300010299 |q 005300010299 |t BK |v τ.2: |y 0 |z τ.2 | ||
| 853 | |a INST |b SAMOS |h 895.635 MIS | ||
| 901 | |a BIBL-1997-2 | ||
| 901 | |a BIBL-1997-2 | ||
| 909 | |a Σ |b 034625 | ||
| 909 | |a Σ |b 041498 | ||
| 909 | |a Σ |b 041496 | ||
| 909 | |a Σ |b 050595 | ||
| 909 | |a Σ |b 050593 | ||